000 01640nam a2200289Ia 4500
003 OSt
005 20241023161857.0
008 200830s9999||||xx |||||||||||||| ||und||
020 _a7516107093
020 _a9787516107096
040 _c0
041 _achi
_heng
050 _aBL245
_b.P45122 2012
100 _aPelikan, Jaroslav
245 0 _a基督教与古典文化:
_b基督教与希腊主义相遇中自然神学的转化 = the metamorphosis of natural theology in the Christian encounter with Hellenism /
_c耶罗斯拉夫. 帕利坎 (Jaroslav Pelikan) 著; 石敏敏译
246 _a基督教與古典文化 :
_b基督教與希臘主義相遇中自然神學的轉化/
260 _a北京:
_b中国社会科学出版社,
_c2012
300 _a2, 2, 3, 4, 420 p.
_b;
_c23 cm.
500 _aTranslation of: the metamorphosis of natural theology in the Christian encounter with Hellenism.
505 _a基督教与古典文化是思想史上的一个永恒话题。基督教和希腊哲学的相遇在4世纪达到了顶峰。这种相遇最主要体现在巴西尔、纳西昂的格列高利、尼撒的格列高利和麦克琳娜这四位卡帕多西亚基督教思想家的著作中。作者考查了他们著作中基督教与希腊主义的碰撞与融合,阐明了他们如何从基督教启示的角度重塑了古典世界的思想传统。 相关图书
650 _aCappadocian Fathers.
650 _aMacrina, the Younger, Saint, approximately 330-379 or 380.
650 _aNatural theology History of doctrines Early church, ca.30-600.
700 _a帕利坎
700 _a石敏敏
942 _2ddc
_cCB
999 _c573
_d573